| 000 | 00510nam a2200205Ia 4500 | ||
|---|---|---|---|
| 001 | 12663 | ||
| 003 | GE_BSU | ||
| 008 | 181216s||||||||xx |||||||||||||| ||und|| | ||
| 040 | _cGE_BSU | ||
| 080 | _a631.4 | ||
| 100 | _aГлинка,К.П. | ||
| 245 | _aПочвоведение=K.D.Glinka Soil Science | ||
| 250 | _a4-ое(посмертное) | ||
| 260 | _aМ-Л | ||
| 260 | _bСельхозгиз | ||
| 260 | _c1931 | ||
| 300 | _a606стр.илл. | ||
| 653 | _aПочвоведение | ||
| 942 | _cBK | ||
| 999 |
_c45834 _d45834 |
||